Statistics for Maths Questions [Easy Rating 0.2]

Click here to take the quiz!

General Stats

  • This quiz has been taken 311 times
  • The average score is 15 of 15

Answer Stats

QuestionAnswer% Correct
2+79
100%
5+914
99%
6-33
99%
1+1011
98%
10+515
98%
8-17
98%
6-51
97%
20-614
97%
9-45
97%
3+36
97%
5-50
96%
9+312
96%
2+810
95%
0+22
95%
17-116
94%

Score Distribution

Percentile by Number Answered

Percent of People with Each Score

Your Score History

You have not taken this quiz